| 000 | 00463nam a2200181Ia 4500 | ||
|---|---|---|---|
| 001 | 11533 | ||
| 005 | 20260306162835.0 | ||
| 008 | 260306t1977||||xx |||||||||||||| ||spa|| | ||
| 041 | _aESP | ||
| 082 |
_a985.07 _bC28 |
||
| 100 |
_aCaravedo Molinari, Baltazar _eAUT |
||
| 245 | 0 | _aClases lucha política y gobierno en el Perú (1919-1933) | |
| 260 | _c1977 | ||
| 300 |
_a124 páginas : _c17 cm. |
||
| 650 | _aGEN | ||
| 654 | _aCHU | ||
| 942 |
_cLIB _dJUS _fJUS _2ddc _n |
||
| 999 |
_c11533 _d11533 |
||